| 000 | 00408cam a22001337a 4500 | ||
|---|---|---|---|
| 008 | 180718b1975 xxu||||| |||| 00| 0 eng d | ||
| 082 | _aBA27x5444 K147 | ||
| 100 | _aKarnataka. Backward Classes Commission | ||
| 245 | _aReport of the Backward Classes Commission, Karnataka | ||
| 260 |
_aBangalore _bThe author _c1975 |
||
| 300 | _a4v. | ||
| 500 | _aChairman: L.G. Havanur | ||
| 700 | _aHavanur, L.G. (Chairman) | ||
| 999 |
_c489087 _d489087 |
||